Winners of the European Grand Prix - Statistics

General Stats
  • This quiz has been taken 4 times
  • The average score is 32 of 47
Answer Stats
Year Constructor Winner % Correct
1994 Benetton-Ford Michael Schumacher
100%
1995 Benetton-Ford Michael Schumacher
100%
2000 Ferrari Michael Schumacher
100%
2001 Ferrari Michael Schumacher
100%
2004 Ferrari Michael Schumacher
100%
2006 Ferrari Michael Schumacher
100%
2003 Williams-BMW Ralf Schumacher
100%
1984 McLaren-TAG Alain Prost
75%
1952 Ferrari Alberto Ascari
75%
1993 McLaren-Ford Ayrton Senna
75%
1950 Alfa Romeo Giuseppe Farina
75%
1966 Brabham-Repco Jack Brabham
75%
1968 Matra-Ford Jackie Stewart
75%
1973 Tyrrell-Ford Jackie Stewart
75%
1996 Williams-Renault Jacques Villeneuve
75%
1976 McLaren-Ford James Hunt
75%
1977 McLaren-Ford James Hunt
75%
1964 Lotus-Climax Jim Clark
75%
1965 Lotus-Climax Jim Clark
75%
1954 Mercedes Juan Manuel Fangio
75%
1951 Alfa Romeo Luigi Fagioli/Juan Manuel Fangio
75%
1997 McLaren-Mercedes Mika Hakkinen
75%
1983 Brabham-BMW Nelson Piquet
75%
2016 Mercedes Nico Rosberg
75%
1985 Williams-Honda Nigel Mansell
75%
2010 Red Bull-Renault Sebastian Vettel
75%
2011 Red Bull-Renault Sebastian Vettel
75%
1956 Maserati Stirling Moss
75%
1961 Lotus-Climax Stirling Moss
75%
1957 Vanwall Tony Brooks/Stirling Moss
75%
1972 Lotus-Ford Emerson Fittipaldi
50%
2008 Ferrari Felipe Massa
50%
2005 Renault Fernando Alonso
50%
2007 McLaren-Mercedes Fernando Alonso
50%
2012 Ferrari Fernando Alonso
50%
1962 BRM Graham Hill
50%
1963 BRM Graham Hill
50%
1999 Stewart-Ford Johnny Herbert
50%
1967 Honda John Surtees
50%
1955 Ferrari Maurice Trintignant
50%
1960 Ferrari Phil Hill
50%
2002 Ferrari Rubens Barrichello
50%
2009 Brawn-Mercedes Rubens Barrichello
50%
1958 Vanwall Tony Brooks
50%
1959 Ferrari Tony Brooks
50%
1975 March-Ford Vittorio Brambilla
50%
1974 Ferrari Clay Reggazoni
0%
No matching quizzes found
Score Distribution
Percent of People with Each Score
Percentile by Number Answered
Your Score History
You have not taken this quiz